000 00726nam a2200289Ia 4500
005 20260324134415.0
008 008 260324s9999 xx 000 0 eng d
020 _a9781849770880
037 _aEBOOK
040 _aCRL
040 _beng
040 _cCRL
041 _2eng
041 _aeng
084 _qCRL
100 _aGill Seyfang; Rhys Jenkins; Ruth Pearson
_91196699
245 0 _aCorporate Responsibility and Labour Rights
245 0 _bCodes of Conduct in the Global Economy
260 _bTaylor and Francis
260 _c2002
365 _a
365 _b230
856 _uhttp://www.taylorfrancis.com/books/9781849770880
942 _cEBOOK
999 _c1796769
_d1796769